| 000 | 00697nam a2200229 u 4500 | ||
|---|---|---|---|
| 005 | 20240806064038.0 | ||
| 008 | 150219s2007 mx r 000 0 spa d | ||
| 020 | _a9789707775022 | ||
| 035 | _aUPN01000201848 | ||
| 049 | _aI | ||
| 050 | 4 |
_aPS3618 E9.6 _bR4.3 |
|
| 100 | 1 |
_aRex, Adam _936981 |
|
| 245 | 1 | 0 |
_aFrankenstein se hace un sandwich / _cAdam Rex ; tr. de Francisco Segovia. |
| 260 |
_aMéxico : _bOcéano _c2007. |
||
| 300 |
_a40 p. : _bil. |
||
| 534 |
_pTítulo original: _tFrankenstein makes a sandwich |
||
| 650 | 4 |
_aLiteratura estadounidense _95229 |
|
| 650 | 4 |
_aMONSTRUOS EN LA LITERATURA _98839 |
|
| 650 | 7 |
_aPoesía infantil _2 _91259 |
|
| 905 | _aLibro | ||
| 999 |
_c173949 _d173949 |
||